Экономическая теория. Макроэкономика: учебное пособие

Bibliografiset tiedot
Päätekijä: Лившиц В. И. Вера Исаковна
Yhteisötekijä: Томский политехнический университет (ТПУ) Институт дистанционного образования (ИДО)
Muut tekijät: Дукарт С. А. Сергей Александрович, Ермушко Ж. А. Жанна Александровна
Yhteenveto:Учебное пособие посвящено основным проблемам макроэкономики. Оно включает восемь основных тем и составлено на основе государственного образовательного стандарта. Пособие подготовлено на кафедре экономики 'ГПУ и предназначено для студентов направлений 521600 «Экономика», 351100 «Антикризисное управление» и специальностей 061500 «Маркетинг», 060500 «Бухучет, анализ и аудит», 060700 «Национальная экономика», 061100 «Менеджмент организаций», 060800 «Экономика и управление на предприятии» Института дистанционного образования. Данное пособие может быть использовано всеми студентами, изучающими дисциплины «Экономика» и «Экономическая теория».
Kieli:venäjä
Julkaistu: Томск, Изд-во ТПУ, 2009
Painos:2-е изд., испр. и доп.
Aiheet:
Aineistotyyppi: Kirja
KOHA link:https://koha.lib.tpu.ru/cgi-bin/koha/opac-detail.pl?biblionumber=379302

MARC

LEADER 00000nam0a2200000 4500
001 379302
005 20240205140729.0
035 |a (RuTPU)RU\TPU\retro\36766 
035 |a RU\TPU\book\201651 
090 |a 379302 
100 |a 20230822d2009 m y0rusy50 ca 
101 0 |a rus 
102 |a RU 
105 |a a j 001zy 
200 1 |a Экономическая теория. Макроэкономика  |e учебное пособие  |f В. И. Лившиц, С. А. Дукарт, Ж. А. Ермушко  |g Томский политехнический университет (ТПУ), Институт дистанционного образования (ИДО) 
205 |a 2-е изд., испр. и доп. 
210 |a Томск  |c Изд-во ТПУ  |d 2009 
215 |a 132 с.  |c ил. 
320 |a Библиогр.: с. 129. 
330 |a Учебное пособие посвящено основным проблемам макроэкономики. Оно включает восемь основных тем и составлено на основе государственного образовательного стандарта. Пособие подготовлено на кафедре экономики 'ГПУ и предназначено для студентов направлений 521600 «Экономика», 351100 «Антикризисное управление» и специальностей 061500 «Маркетинг», 060500 «Бухучет, анализ и аудит», 060700 «Национальная экономика», 061100 «Менеджмент организаций», 060800 «Экономика и управление на предприятии» Института дистанционного образования. Данное пособие может быть использовано всеми студентами, изучающими дисциплины «Экономика» и «Экономическая теория». 
451 1 |0 (RuTPU)RU\TPU\book\94273  |t Экономическая теория. Макроэкономика  |o учебное пособие  |f В. И. Лившиц, С. А. Дукарт, Ж. А. Ермушко  |g Томский политехнический университет (ТПУ), Институт дистанционного образования  |e 2-е изд., стер.  |c Томск  |n Изд-во ТПУ  |d 2005  |p 112 с.  |a Лившиц, Вера Исаковна 
606 1 |a Макроэкономика  |2 stltpush  |3 (RuTPU)RU\TPU\subj\36372  |9 57778 
610 1 |a экономика 
610 1 |a экономическая теория 
610 1 |a макроэкономическое равновесие 
610 1 |a безработица 
610 1 |a инфляция 
610 1 |a экономический рост 
610 1 |a экономические циклы 
610 1 |a денежные системы 
610 1 |a финансовая политика 
610 1 |a мировая экономика 
610 1 |a международные отношения 
610 1 |a валютные отношения 
610 1 |a учебные пособия 
610 1 |a труды учёных ТПУ 
686 |a У012.2я73  |2 rubbk 
700 1 |a Лившиц  |b В. И.  |c экономист  |c доцент Томского политехнического университета, кандидат экономических наук  |f 1954-  |g Вера Исаковна  |3 (RuTPU)RU\TPU\pers\25995 
701 1 |a Дукарт  |b С. А.  |c экономист  |c доцент Томского политехнического университета, кандидат исторических наук  |f 1970-  |g Сергей Александрович  |3 (RuTPU)RU\TPU\pers\27131  |9 12671 
701 1 |a Ермушко  |b Ж. А.  |c экономист  |c доцент Томского политехнического университета, кандидат экономических наук  |f 1965-  |g Жанна Александровна  |3 (RuTPU)RU\TPU\pers\25993  |9 11842 
712 0 2 |a Томский политехнический университет (ТПУ)  |b Институт дистанционного образования (ИДО)  |3 (RuTPU)RU\TPU\col\12625 
801 1 |a RU  |b 63413507  |c 20031020  |g PSBO 
801 2 |a RU  |b 63413507  |c 20230822  |g PSBO 
942 |c BK